Teología latina y teología oriental / (Record no. 178087)

MARC details
000 -LEADER
campo de control de longitud fija 00757nam a2200241 i 4500
001 - NÚMERO DE CONTROL
campo de control 178087
003 - IDENTIFICADOR DE NÚMERO DE CONTROL
campo de control ES-MaACL
005 - FECHA Y HORA DE LA ÚLTIMA TRANSACCIÓN
campo de control 20250801201906.0
007 - CAMPO FIJO DE DESCRIPCIÓN FÍSICA--INFORMACIÓN GENERAL
campo de control de longitud fija t|
008 - DATOS DE LONGITUD FIJA--INFORMACIÓN GENERAL
campo de control de longitud fija 110517s1961 sp r ||||1| spa d
080 ## - NÚMERO DE LA CLASIFICACIÓN DECIMAL UNIVERSAL
Número de la Clasificación Decimal Universal 2-12
100 1# - ENTRADA PRINCIPAL--NOMBRE DE PERSONA
Nombre de persona Schultze, Bernard.
9 (RLIN) 146565
245 13 - MENCIÓN DEL TÍTULO
Título Teología latina y teología oriental /
Mención de responsabilidad, etc. B. Schultze ; [traducción de Joaquín Blázquez].
260 ## - PUBLICACIÓN, DISTRIBUCIÓN, ETC.
Lugar de publicación, distribución, etc. Barcelona :
Nombre del editor, distribuidor, etc. Herder,
Fecha de publicación, distribución, etc. 1961.
300 ## - DESCRIPCIÓN FÍSICA
Extensión 80 p. ;
Dimensiones 18 cm.
490 1# - MENCIÓN DE SERIE
Mención de serie Pequeña biblioteca Herder ;
Designación de volumen o secuencia 10
504 ## - NOTA DE BIBLIOGRAFÍA, ETC.
Nota de bibliografía, etc. Bibliografía: p. 67-80.
650 07 - PUNTO DE ACCESO ADICIONAL DE MATERIA--TÉRMINO DE MATERIA
Término de materia o nombre geográfico como elemento de entrada Teología
Fuente del encabezamiento o término embne
9 (RLIN) 17457
700 1# - ENTRADA AGREGADA--NOMBRE PERSONAL
Nombre de persona Blázquez, Joaquín.
9 (RLIN) 29440
830 0# - PUNTO DE ACCESO ADICIONAL DE SERIE-TÍTULO UNIFORME
Título uniforme Pequeña biblioteca Herder ;
Designación de volumen o secuencia 10
9 (RLIN) 190720
852 ## - LOCALIZACIÓN
Ubicación ES-MaACL
Número de control de estantería E-15122
Encuadernación Olim P-274
Holdings
Estatus retirado Estado de pérdida Estado de daño No para préstamo Biblioteca de origen Biblioteca actual Ubicación en estantería Fecha de adquisición Fuente de adquisición Total de préstamos Signatura topográfica completa Código de barras Visto por última vez Precio de reemplazo Tipo de ítem Koha
        Biblioteca del Ateneo de Madrid Biblioteca del Ateneo de Madrid Depósito 2 17/05/2011     E-15122 1187079 23/02/2023 23/02/2023 Libro impreso